| 000 | 00680 a2200145 4500 | ||
|---|---|---|---|
| 003 | Nust | ||
| 005 | 20170207154318.0 | ||
| 040 | _cNust | ||
| 082 | _a004.68 | ||
| 100 | _aBrebner,Gordon | ||
| 245 |
_aComputers in Communication _bCommunication _cGordon Brebner |
||
| 260 |
_aNew York _bMcGraw Hill _c2002 |
||
| 300 | _a488 p; | ||
| 505 | _aIntroduction (Page-1) Information (Page-35) Time (Page-80) Time Packages (page-110 ) Space (Page-138 ) Message Broadcasting Networks (Page-168 ) Message Switching Networks (Page-222) Inter-networks (Page- 267) Case Study 1: Accessing the World Wide Web (page-311) Case Study 2: Controlling a manufacturing device (Page-359) Standardization (pag-411) | ||
| 942 |
_2ddc _cBK |
||
| 999 |
_c196652 _d196652 |
||